00593nam a22001817a 4500003000400000005001700004008004100021040001000062050001200072100001600084245004300100260003400143300001000177600001500187942001500202952017700217999001700394OSt20250526142439.0250526b |||||||| |||| 00| 0 eng d cAACR2 a891.439 aAli, Shazia aPhir barishoon kay dess main safarnama aKarachi:bRoyal books,c2019. a136p. aLiterature 2ddccGBn0 00102ddc40708FICaUITUbUITUcGIFd2025-05-06eGifted by Dr. Minhaj A. Qidwail0o891.439 SHApG67r2025-05-26 14:25:28w2025-05-26yGBzGifted by Dr. Minhaj A. Qidwai c31273d31273